| 000 | 01456nam a2200349 a 4500 | ||
|---|---|---|---|
| 001 | ebr10194090 | ||
| 003 | CaPaEBR | ||
| 006 | m u | ||
| 007 | cr cn||||||||| | ||
| 008 | 060824s2007 nyua sb 001 0 eng | ||
| 010 | _z 2006051381 | ||
| 020 | _z140397988X (alk. paper) | ||
| 040 |
_aCaPaEBR _cCaPaEBR |
||
| 035 | _a(OCoLC)614468383 | ||
| 050 | 1 | 4 |
_aD395 _b.C595 2007eb |
| 082 | 0 | 4 |
_a327.09/034 _222 |
| 245 | 0 | 0 |
_aCompeting visions of world order _h[electronic resource] : _bglobal moments and movements, 1880s-1930s / _cedited by Sebastain Conrad and Dominic Sachsenmaier. |
| 260 |
_aNew York : _bPalgrave, _c2007. |
||
| 300 |
_ax, 266 p. : _bill. |
||
| 490 | 0 | _aThe Palgrave series in transnational history | |
| 504 | _aIncludes bibliographical references and index. | ||
| 533 |
_aElectronic reproduction. _bPalo Alto, Calif. : _cebrary, _d2013. _nAvailable via World Wide Web. _nAccess may be limited to ebrary affiliated libraries. |
||
| 650 | 0 |
_aWorld politics _y19th century. |
|
| 650 | 0 |
_aWorld politics _y1900-1945. |
|
| 650 | 0 |
_aInternational cooperation _xHistory _y19th century. |
|
| 650 | 0 |
_aInternational cooperation _xHistory _y20th century. |
|
| 655 | 7 |
_aElectronic books. _2local |
|
| 700 | 1 | _aConrad, Sebastian. | |
| 700 | 1 | _aSachsenmaier, Dominic. | |
| 710 | 2 | _aebrary, Inc. | |
| 856 | 4 | 0 |
_uhttp://site.ebrary.com/lib/rucke/Doc?id=10194090 _zAn electronic book accessible through the World Wide Web; click to view |
| 999 |
_c114523 _d114523 |
||